| 000 | 00390nam a2200145 a 4500 | ||
|---|---|---|---|
| 005 | 20140414093845.0 | ||
| 008 | 091124s19uu xx 00 eng d | ||
| 050 |
_aDVD 900 _bCHR 1997 |
||
| 245 |
_aChristmas unwrapped : _bThe history of Christmas. |
||
| 260 | _bThe History Channel. | ||
| 440 | _aThe History Channel | ||
| 650 |
_aHistory _xChristmas. |
||
| 942 | _cAVM | ||
| 999 |
_c109556 _d109556 |
||